Mozambique : EIU country profile 2006.
| Format: | Book |
|---|---|
| Published: |
[London]:
The Economist Intelligence Unit,
2006.
|
| Subjects: |
| LEADER | 00435cam a2200145 7i4500 | ||
|---|---|---|---|
| 001 | 0000017702 | ||
| 005 | 20060614090000.0 | ||
| 022 | 0 | 0 | |a 0269-7017 |
| 090 | 0 | 0 | |a MOZB 330.9 |b MOZ |
| 245 | 0 | 0 | |a Mozambique : |b EIU country profile 2006. |
| 260 | 0 | 0 | |a [London]: |b The Economist Intelligence Unit, |c 2006. |
| 300 | # | # | |a 76 p. |
| 650 | 0 | 0 | |a Mozambique -- |x Country profile |
| 651 | 0 | 0 | |a Mozambique |
| 999 | |a B000018976 |b Book |c Countries |e Business Information Centre | ||